<?xml version="1.0" encoding="UTF-8"?><?xml-stylesheet type="text/xsl" href="static/style.xsl"?><OAI-PMH xmlns="http://www.openarchives.org/OAI/2.0/" xmlns:xsi="http://www.w3.org/2001/XMLSchema-instance" xsi:schemaLocation="http://www.openarchives.org/OAI/2.0/ http://www.openarchives.org/OAI/2.0/OAI-PMH.xsd"><responseDate>2026-04-13T18:19:21Z</responseDate><request verb="GetRecord" identifier="oai:www.recercat.cat:20.500.12327/3155" metadataPrefix="marc">https://recercat.cat/oai/request</request><GetRecord><record><header><identifier>oai:recercat.cat:20.500.12327/3155</identifier><datestamp>2025-10-22T11:20:58Z</datestamp><setSpec>com_2072_4428</setSpec><setSpec>com_2072_4427</setSpec><setSpec>col_2072_487898</setSpec></header><metadata><record xmlns="http://www.loc.gov/MARC21/slim" xmlns:dcterms="http://purl.org/dc/terms/" xmlns:xsi="http://www.w3.org/2001/XMLSchema-instance" xmlns:doc="http://www.lyncode.com/xoai" xsi:schemaLocation="http://www.loc.gov/MARC21/slim http://www.loc.gov/standards/marcxml/schema/MARC21slim.xsd">
   <leader>00925njm 22002777a 4500</leader>
   <datafield ind2=" " ind1=" " tag="042">
      <subfield code="a">dc</subfield>
   </datafield>
   <datafield ind2=" " ind1=" " tag="720">
      <subfield code="a">Prieto, Virginia</subfield>
      <subfield code="e">author</subfield>
   </datafield>
   <datafield ind2=" " ind1=" " tag="720">
      <subfield code="a">Aguiló, Ingrid</subfield>
      <subfield code="e">author</subfield>
   </datafield>
   <datafield ind2=" " ind1=" " tag="720">
      <subfield code="a">Bravo, Francisca Isabel</subfield>
      <subfield code="e">author</subfield>
   </datafield>
   <datafield ind2=" " ind1=" " tag="720">
      <subfield code="a">Mulero, Miquel</subfield>
      <subfield code="e">author</subfield>
   </datafield>
   <datafield ind2=" " ind1=" " tag="720">
      <subfield code="a">Abadias, Maribel</subfield>
      <subfield code="e">author</subfield>
   </datafield>
   <datafield ind2=" " ind1=" " tag="260">
      <subfield code="c">2024-04-02</subfield>
   </datafield>
   <datafield ind2=" " ind1=" " tag="520">
      <subfield code="a">The valorization of agri-food products not only represents important economic and environmental benefits but can also be a source of potentially profitable, functional, and safe ingredients.&#xd;
This study aimed to valorize peach fruit and wine lees (WL) by producing functional juice. WL&#xd;
were incorporated at different concentrations (1.5 and 2%; w:w) in unpasteurized peach and grape&#xd;
juice and subsequently stored under refrigeration (5 ◦C). The antimicrobial activity of WL in peach&#xd;
and grape juices was assessed against Listeria monocytogenes and Saccharomyces cerevisiae as well as&#xd;
physicochemical, nutritional microbiological, and sensory acceptability. The maximum addition of&#xd;
WL to the juice (2%) showed a significant inhibitory effect against L. monocytogenes (4-log reduction)&#xd;
and increased the content of total soluble solids (TSS) (10%), total polyphenol content (TPC) (75%),&#xd;
and total antioxidant activity (AOX) (86%). During storage, AOX, TPC, TSS, pH, and titratable acidity&#xd;
(TA) remained stable. A significant correlation was observed between TPC and AOX. Total mesophilic&#xd;
aerobic bacteria and yeast counts increased during storage. Fifty-seven percent of tasters (n = 26)&#xd;
rated the functional juice positively. Thus, these agri-food products could be useful for producing&#xd;
functional juices with a longer shelf life, contributing to their valorization.</subfield>
   </datafield>
   <datafield ind1="8" ind2=" " tag="024">
      <subfield code="a">Prieto-Santiago, Virginia, Ingrid Aguiló-Aguayo, Francisca Isabel Bravo, Miquel Mulero, and Maribel Abadias. 2024. “Valorization of Peach Fruit and Wine Lees through the Production of a Functional Peach and Grape Juice.” MDPI. Multidisciplinary Digital Publishing Institute. April 2. https://www.mdpi.com/2304-8158/13/7/1095.</subfield>
   </datafield>
   <datafield ind1="8" ind2=" " tag="024">
      <subfield code="a">2304-8158</subfield>
   </datafield>
   <datafield ind1="8" ind2=" " tag="024">
      <subfield code="a">http://hdl.handle.net/20.500.12327/3155</subfield>
   </datafield>
   <datafield ind1="8" ind2=" " tag="024">
      <subfield code="a">https://doi.org/10.3390/foods13071095</subfield>
   </datafield>
   <datafield ind2="0" ind1="0" tag="245">
      <subfield code="a">Valorization of Peach Fruit and Wine Lees through the Production of a Functional Peach and Grape Juice</subfield>
   </datafield>
</record></metadata></record></GetRecord></OAI-PMH>